<?xml version="1.0" encoding="UTF-8"?>
<record
    xmlns:xsi="http://www.w3.org/2001/XMLSchema-instance"
    xsi:schemaLocation="http://www.loc.gov/MARC21/slim http://www.loc.gov/standards/marcxml/schema/MARC21slim.xsd"
    xmlns="http://www.loc.gov/MARC21/slim">

  <leader>01666naa a2200205 i 4500</leader>
  <controlfield tag="001">3477</controlfield>
  <controlfield tag="003">KOSZ 005</controlfield>
  <controlfield tag="005">20190610114321.0</controlfield>
  <controlfield tag="008">140526s2010    pl     f     |000 0 pol</controlfield>
  <datafield tag="040" ind1=" " ind2=" ">
    <subfield code="c">BPK</subfield>
    <subfield code="d">KOSZ 005/HR</subfield>
  </datafield>
  <datafield tag="080" ind1=" " ind2=" ">
    <subfield code="a">621.791/.795</subfield>
  </datafield>
  <datafield tag="100" ind1="1" ind2=" ">
    <subfield code="a">&#x141;UKIANOWICZ, Czes&#x142;aw.</subfield>
    <subfield code="d">1996 - .</subfield>
    <subfield code="b">Politechnika Koszali&#x144;ska - Wydzia&#x142; Mechaniczny,</subfield>
    <subfield code="c">Katedra In&#x17C;ynierii Produkcji</subfield>
  </datafield>
  <datafield tag="245" ind1="1" ind2="0">
    <subfield code="a">Analiza topografii powierzchni wzorc&#xF3;w kontrolnych stosowanych do sprawdzania profilometr&#xF3;w stykowych /</subfield>
    <subfield code="c">Czes&#x142;aw &#x141;ukianowicz, Rafa&#x142; Pawlikowski.</subfield>
  </datafield>
  <datafield tag="500" ind1=" " ind2=" ">
    <subfield code="a">Dane z autopsji.</subfield>
  </datafield>
  <datafield tag="520" ind1=" " ind2=" ">
    <subfield code="a">W pracy przedstawiono wyniki topografii powierzchni wzorc&#xF3;w kontrolnych stosowanych do sprawdzania profilometr&#xF3;w stykowych. Pomiary przeprowadzono za pomoc&#x105; profilometru stykowego i mikroskopu interferencyjnego wykorzystuj&#x105;cego korelacj&#x119; koherencji. Metoda ta charakteryzuje si&#x119; wysok&#x105; dok&#x142;adno&#x15B;ci&#x105; pomiaru topografii powierzchni, znacznym zakresem pomiarowym oraz kr&#xF3;tkim czasem wykonania pomiaru. Z przeprowadzonych bada&#x144; wynika, &#x17C;e mo&#x17C;e by&#x107; ona przystosowana do oceny i analizy topografii wzorc&#xF3;w kontrolnych przeznaczonych do sprawdzania profilometr&#xF3;w stykowych.</subfield>
  </datafield>
  <datafield tag="650" ind1=" " ind2="0">
    <subfield code="a">In&#x17C;ynieria powierzchni</subfield>
  </datafield>
  <datafield tag="700" ind1="1" ind2=" ">
    <subfield code="a">PAWLIKOWSKI, Rafa&#x142;.</subfield>
    <subfield code="d">2010 - .</subfield>
    <subfield code="b">Politechnika Koszali&#x144;ska - Instytut Mechatroniki, Nanotechnologii i Techniki Pr&#xF3;&#x17C;niowej,</subfield>
    <subfield code="c">Zak&#x142;ad Mechatroniki i Mechaniki Stosowanej</subfield>
  </datafield>
  <datafield tag="773" ind1=" " ind2=" ">
    <subfield code="i">W :</subfield>
    <subfield code="t">Post&#x119;py w metrologii wsp&#xF3;&#x142;rz&#x119;dno&#x15B;ciowej : praca zbiorowa / pod red. Jerzego S&#x142;adka i W&#x142;adys&#x142;awa Jakubca. -</subfield>
    <subfield code="d">Bielsko-Bia&#x142;a : Wydaw. Akademii Techniczno-Humanistycznej w Bielsku-Bia&#x142;ej, 2010. -</subfield>
    <subfield code="g">s. 187-194</subfield>
  </datafield>
  <datafield tag="942" ind1=" " ind2=" ">
    <subfield code="c">ROZ</subfield>
    <subfield code="2">UKD</subfield>
  </datafield>
  <datafield tag="999" ind1=" " ind2=" ">
    <subfield code="c">3477</subfield>
    <subfield code="d">3477</subfield>
  </datafield>
</record>
